000 00623nam a2200241Ia 4500
003 OSt
005 20221007080516.0
006 a|||||r|||| 00| 0
007 ta
008 221006b |||||||| |||| 00| 0 eng d
024 _a38,181
037 _cTextual
040 _aFLL
_cFLL
_beng
041 _2eng
_aeng
082 _aZ1:D65,8(B), P4
100 _aChris Reed
_9694764
245 0 _aInternet law
250 _a2nd
260 _aNew Delhi
_bUnversal Law Publishing Co. India
_c2004
300 _axliv,328p
_ccm.
942 _hZ1:D65,8(B), P4
_cTEXL
_2CC
999 _c1159914
_d1159914